[Event "DEM U10 2021"]
[Site "Willingen GER"]
[Date "2021.08.28"]
[Round "10"]
[White "Dodul, Arthur"]
[Black "Allen, Phillipp"]
[Result "1-0"]
[Termination "normal"]
[Board "10"]
[WhiteElo "1285"]
[BlackElo "1510"]
[WhiteClock "00:23:11"]
[BlackClock "00:04:36"]
[PlyCount "93"]
[WhiteFideId "34609016"]
[BlackFideId "16272846"]
[EventCountry "GER"]
[EventRounds "11"]
[EventType "swiss"]
[EventDate "2021.08.22"]

1. e4 {[%clk 01:15:57]} {[%emt 00:00:03]} c6 {[%clk 01:15:46]} {[%emt
00:00:15]} 2. Nc3 {[%clk 01:16:15]} {[%emt 00:00:11]} d5 {[%clk 01:16:10]}
{[%emt 00:00:06]} 3. Qe2 {[%clk 01:16:30]} {[%emt 00:00:13]} d4 {[%clk
01:16:09]} {[%emt 00:00:33]} 4. Nd1 {[%clk 01:16:35]} {[%emt 00:00:24]} e5
{[%clk 01:16:23]} {[%emt 00:00:17]} 5. g3 {[%clk 01:16:38]} {[%emt 00:00:26]}
Be6 {[%clk 01:16:23]} {[%emt 00:00:31]} 6. d3 {[%clk 01:16:05]} {[%emt
00:01:01]} Nd7 {[%clk 01:16:23]} {[%emt 00:00:32]} 7. f4 {[%clk 01:13:56]}
{[%emt 00:02:40]} f6 {[%clk 01:16:42]} {[%emt 00:00:11]} 8. f5 {[%clk
01:12:20]} {[%emt 00:02:06]} Bf7 {[%clk 01:17:02]} {[%emt 00:00:10]} 9. Nf3
{[%clk 01:11:58]} {[%emt 00:00:52]} b5 {[%clk 01:12:11]} {[%emt 00:05:21]} 10.
Bg2 {[%clk 01:10:54]} {[%emt 00:01:31]} Bd6 {[%clk 01:12:00]} {[%emt 00:00:43]}
11. O-O {[%clk 01:10:20]} {[%emt 00:01:04]} c5 {[%clk 01:10:48]} {[%emt
00:01:42]} 12. a3 {[%clk 01:09:38]} {[%emt 00:01:10]} c4 {[%clk 01:11:06]}
{[%emt 00:00:14]} 13. Nf2 {[%clk 01:08:39]} {[%emt 00:01:28]} a5 {[%clk
01:11:13]} {[%emt 00:00:24]} 14. Bd2 {[%clk 01:06:37]} {[%emt 00:02:31]} Ne7
{[%clk 01:10:46]} {[%emt 00:00:58]} 15. Rab1 {[%clk 01:04:49]} {[%emt
00:02:15]} a4 {[%clk 01:09:35]} {[%emt 00:01:44]} 16. Ne1 {[%clk 01:02:12]}
{[%emt 00:03:06]} O-O {[%clk 01:07:21]} {[%emt 00:02:46]} 17. c3 {[%clk
01:00:57]} {[%emt 00:01:43]} cxd3 {[%clk 01:05:27]} {[%emt 00:02:25]} 18. Nexd3
{[%clk 00:59:32]} {[%emt 00:01:55]} dxc3 {[%clk 01:01:14]} {[%emt 00:04:44]}
19. Bxc3 {[%clk 00:59:40]} {[%emt 00:00:19]} Nc5 {[%clk 01:00:50]} {[%emt
00:00:56]} 20. Nxc5 {[%clk 00:57:03]} {[%emt 00:03:06]} Bxc5 {[%clk 01:00:59]}
{[%emt 00:00:22]} 21. Qxb5 {[%emt 00:01:22]} Qc7 {[%emt 00:00:49]} 22. Rbc1
{[%clk 00:54:29]} {[%emt 00:00:53]} Bc4 {[%clk 01:00:44]} {[%emt 00:00:45]} 23.
Qxc4+ {[%clk 00:54:10]} {[%emt 00:00:48]} Kh8 {[%clk 01:00:55]} {[%emt
00:00:20]} 24. Bb4 {[%clk 00:53:48]} {[%emt 00:00:51]} Bxf2+ {[%clk 00:59:34]}
{[%emt 00:01:53]} 25. Rxf2 {[%clk 00:54:06]} {[%emt 00:00:12]} Qa7 {[%clk
00:55:38]} {[%emt 00:04:24]} 26. Qc5 {[%clk 00:53:30]} {[%emt 00:01:07]} Rfc8
{[%clk 00:55:32]} {[%emt 00:00:36]} 27. Qxe7 {[%clk 00:51:03]} {[%emt
00:02:56]} Rxc1+ {[%clk 00:55:40]} {[%emt 00:00:23]} 28. Bf1 {[%clk 00:51:17]}
{[%emt 00:00:14]} Qe3 {[%clk 00:52:55]} {[%emt 00:03:17]} 29. Bd2 {[%clk
00:50:54]} {[%emt 00:00:52]} Rxf1+ {[%clk 00:48:46]} {[%emt 00:04:40]} 30. Kxf1
{[%clk 00:51:05]} {[%emt 00:00:19]} Qd3+ {[%clk 00:47:31]} {[%emt 00:01:45]}
31. Kg1 {[%clk 00:46:29]} {[%emt 00:05:05]} Qb1+ {[%clk 00:44:04]} {[%emt
00:03:58]} 32. Rf1 {[%clk 00:46:02]} {[%emt 00:00:55]} Qd3 {[%clk 00:40:46]}
{[%emt 00:03:51]} 33. Qb4 {[%clk 00:44:38]} {[%emt 00:01:49]} Rc8 {[%clk
00:31:33]} {[%emt 00:09:47]} 34. Be1 {[%clk 00:41:47]} {[%emt 00:03:20]} h5
{[%clk 00:29:38]} {[%emt 00:02:26]} 35. Bf2 {[%clk 00:38:08]} {[%emt 00:04:07]}
h4 {[%clk 00:26:52]} {[%emt 00:03:17]} 36. Qe1 {[%clk 00:37:32]} {[%emt
00:01:04]} h3 {[%clk 00:27:05]} {[%emt 00:00:19]} 37. Qd1 {[%clk 00:37:39]}
{[%emt 00:00:23]} Qxe4 {[%clk 00:26:41]} {[%emt 00:00:54]} 38. Qh5+ {[%clk
00:37:55]} {[%emt 00:00:12]} Kg8 {[%clk 00:26:53]} {[%emt 00:00:20]} 39. Qxh3
{[%clk 00:38:08]} {[%emt 00:00:14]} Rc2 {[%clk 00:24:03]} {[%emt 00:03:23]} 40.
Rd1 {[%clk 00:37:21]} {[%emt 00:01:14]} Qf3 {[%clk 00:23:06]} {[%emt 00:01:31]}
41. Rd8+ {[%clk 00:37:43]} {[%emt 00:00:07]} Kf7 {[%clk 00:23:29]} {[%emt
00:00:07]} 42. Qf1 {[%clk 00:36:39]} {[%emt 00:01:30]} e4 {[%clk 00:18:52]}
{[%emt 00:05:11]} 43. Rd2 {[%clk 00:22:33]} {[%emt 00:14:32]} Rxd2 {[%clk
00:16:55]} {[%emt 00:02:31]} 44. Qc4+ {[%clk 00:22:43]} {[%emt 00:00:20]} Ke7
{[%clk 00:10:03]} {[%emt 00:07:21]} 45. Qe6+ {[%clk 00:22:53]} {[%emt
00:00:20]} Kf8 {[%clk 00:04:28]} {[%emt 00:06:06]} 46. Bc5+ {[%clk 00:23:11]}
{[%emt 00:00:10]} Rd6 {[%clk 00:04:36]} {[%emt 00:00:24]} 47. Bxd6# {[%emt
00:00:06]} 1-0

[Event "DEM U10 2021"]
[Site "Willingen GER"]
[Date "2021.08.28"]
[Round "10"]
[White "Wang, Kaiwen"]
[Black "Junge, Mattheo Gabriel"]
[Result "1/2-1/2"]
[Termination "normal"]
[Board "12"]
[WhiteElo "1068"]
[BlackElo "1451"]
[WhiteClock "01:01:13"]
[BlackClock "01:02:27"]
[PlyCount "83"]
[WhiteFideId "16279514"]
[BlackFideId "34605908"]
[EventCountry "GER"]
[EventRounds "11"]
[EventType "swiss"]
[EventDate "2021.08.22"]

1. e4 {[%clk 01:15:58]} {[%emt 00:00:02]} c5 {[%clk 01:15:55]} {[%emt
00:00:06]} 2. Nf3 {[%clk 01:16:24]} {[%emt 00:00:04]} d6 {[%clk 01:16:19]}
{[%emt 00:00:06]} 3. d4 {[%clk 01:16:49]} {[%emt 00:00:04]} cxd4 {[%clk
01:16:34]} {[%emt 00:00:15]} 4. Nxd4 {[%clk 01:17:13]} {[%emt 00:00:06]} Nf6
{[%clk 01:16:56]} {[%emt 00:00:08]} 5. Nc3 {[%clk 01:17:37]} {[%emt 00:00:05]}
a6 {[%clk 01:17:21]} {[%emt 00:00:06]} 6. f3 {[%clk 01:18:02]} {[%emt
00:00:05]} e5 {[%clk 01:17:30]} {[%emt 00:00:21]} 7. Nb3 {[%clk 01:18:21]}
{[%emt 00:00:11]} Be6 {[%clk 01:17:36]} {[%emt 00:00:24]} 8. Be3 {[%clk
01:18:23]} {[%emt 00:00:29]} Be7 {[%clk 01:17:40]} {[%emt 00:00:24]} 9. Qd2
{[%clk 01:18:39]} {[%emt 00:00:14]} O-O {[%clk 01:18:04]} {[%emt 00:00:07]} 10.
g4 {[%clk 01:18:50]} {[%emt 00:00:18]} Nbd7 {[%clk 01:15:23]} {[%emt 00:03:11]}
11. h4 {[%clk 01:18:21]} {[%emt 00:00:59]} Qc7 {[%clk 01:15:21]} {[%emt
00:00:32]} 12. O-O-O {[%clk 01:17:30]} {[%emt 00:01:22]} Rfc8 {[%clk 01:15:37]}
{[%emt 00:00:13]} 13. h5 {[%clk 01:17:21]} {[%emt 00:00:40]} b5 {[%clk
01:14:40]} {[%emt 00:01:26]} 14. g5 {[%clk 01:17:34]} {[%emt 00:00:18]} Ne8
{[%clk 01:14:49]} {[%emt 00:00:20]} 15. a3 {[%clk 01:15:08]} {[%emt 00:02:56]}
Rab8 {[%clk 01:11:41]} {[%emt 00:03:38]} 16. Kb1 {[%clk 01:12:51]} {[%emt
00:02:48]} b4 {[%clk 01:09:40]} {[%emt 00:02:31]} 17. axb4 {[%clk 01:11:50]}
{[%emt 00:01:31]} Rxb4 {[%clk 01:09:33]} {[%emt 00:00:38]} 18. Bxa6 {[%clk
01:08:53]} {[%emt 00:03:26]} Ra8 {[%clk 01:06:27]} {[%emt 00:03:35]} 19. Nd5
{[%clk 01:08:50]} {[%emt 00:00:33]} Bxd5 {[%clk 01:06:01]} {[%emt 00:00:56]}
20. Qxb4 {[%clk 01:07:40]} {[%emt 00:01:40]} Bxb3 {[%clk 01:06:12]} {[%emt
00:00:19]} 21. Qxb3 {[%clk 01:08:07]} {[%emt 00:00:05]} Rxa6 {[%clk 01:06:28]}
{[%emt 00:00:13]} 22. g6 {[%clk 01:08:15]} {[%emt 00:00:22]} Ndf6 {[%clk
01:03:54]} {[%emt 00:03:01]} 23. gxf7+ {[%clk 01:08:21]} {[%emt 00:00:26]} Kf8
{[%clk 01:03:47]} {[%emt 00:00:38]} 24. fxe8=Q+ {[%emt 00:00:31]} Kxe8 {[%clk
01:04:00]} {[%emt 00:00:04]} 25. Qb5+ {[%clk 01:08:40]} {[%emt 00:00:22]} Rc6
{[%clk 01:04:18]} {[%emt 00:00:13]} 26. Rd3 {[%clk 01:07:37]} {[%emt 00:01:33]}
Kf7 {[%clk 01:04:15]} {[%emt 00:00:32]} 27. Qb3+ {[%clk 01:07:28]} {[%emt
00:00:39]} Kf8 {[%clk 01:04:36]} {[%emt 00:00:10]} 28. h6 {[%clk 01:06:54]}
{[%emt 00:01:03]} g6 {[%clk 01:04:56]} {[%emt 00:00:11]} 29. Rc3 {[%clk
01:05:44]} {[%emt 00:01:40]} Rxc3 {[%clk 01:04:49]} {[%emt 00:00:37]} 30. Qxc3
{[%clk 01:06:08]} {[%emt 00:00:06]} Qd7 {[%clk 01:04:00]} {[%emt 00:01:19]} 31.
f4 {[%clk 01:05:42]} {[%emt 00:00:56]} Nxe4 {[%clk 01:02:44]} {[%emt 00:01:46]}
32. Qd3 {[%clk 01:05:08]} {[%emt 00:01:03]} Qc6 {[%clk 01:01:35]} {[%emt
00:01:35]} 33. fxe5 {[%clk 01:05:22]} {[%emt 00:00:20]} Nc3+ {[%clk 01:01:50]}
{[%emt 00:00:16]} 34. Qxc3 {[%clk 01:04:41]} {[%emt 00:01:09]} Qxh1+ {[%clk
01:02:13]} {[%emt 00:00:08]} 35. Ka2 {[%clk 01:03:42]} {[%emt 00:01:30]} Qa8+
{[%clk 01:02:18]} {[%emt 00:00:25]} 36. Qa3 {[%clk 01:03:28]} {[%emt 00:00:44]}
Qd5+ {[%clk 01:01:29]} {[%emt 00:01:19]} 37. Qb3 {[%clk 01:03:10]} {[%emt
00:00:48]} Qa8+ {[%clk 01:01:30]} {[%emt 00:00:29]} 38. Kb1 {[%clk 01:02:19]}
{[%emt 00:01:22]} Qh1+ {[%clk 01:01:49]} {[%emt 00:00:08]} 39. Ka2 {[%clk
00:59:59]} {[%emt 00:02:52]} Qa8+ {[%clk 01:02:12]} {[%emt 00:00:07]} 40. Kb1
{[%clk 01:00:24]} {[%emt 00:00:04]} Qh1+ {[%clk 01:02:32]} {[%emt 00:00:09]}
41. Ka2 {[%clk 01:00:51]} {[%emt 00:00:05]} Qa8+ {[%clk 01:02:27]} {[%emt
00:00:35]} 42. Kb1 {[%clk 01:01:13]} {[%emt 00:00:07]} 1/2-1/2

[Event "DEM U10 2021"]
[Site "Willingen GER"]
[Date "2021.08.28"]
[Round "10"]
[White "Aweh, Mads"]
[Black "Vranckx, Oscar"]
[Result "0-1"]
[Termination "normal"]
[Board "14"]
[WhiteElo "1452"]
[BlackElo "1300"]
[WhiteClock "00:13:57"]
[BlackClock "00:54:14"]
[PlyCount "82"]
[WhiteFideId "34604278"]
[BlackFideId "34608788"]
[EventCountry "GER"]
[EventRounds "11"]
[EventType "swiss"]
[EventDate "2021.08.22"]

1. f4 {[%clk 01:15:35]} {[%emt 00:00:24]} Nf6 {[%clk 01:15:48]} {[%emt
00:00:13]} 2. b3 {[%clk 01:13:59]} {[%emt 00:02:06]} g6 {[%clk 01:14:36]}
{[%emt 00:01:42]} 3. Bb2 {[%clk 01:13:24]} {[%emt 00:01:05]} Bg7 {[%clk
01:14:00]} {[%emt 00:01:06]} 4. Nf3 {[%clk 01:12:14]} {[%emt 00:01:39]} O-O
{[%clk 01:13:27]} {[%emt 00:01:03]} 5. e3 {[%clk 01:11:43]} {[%emt 00:01:01]}
d6 {[%clk 01:12:40]} {[%emt 00:01:18]} 6. Be2 {[%clk 01:11:03]} {[%emt
00:01:09]} Nbd7 {[%clk 01:12:36]} {[%emt 00:00:34]} 7. O-O {[%clk 01:10:23]}
{[%emt 00:01:10]} Re8 {[%clk 01:10:45]} {[%emt 00:02:21]} 8. d4 {[%clk
01:08:48]} {[%emt 00:02:05]} c5 {[%clk 01:10:26]} {[%emt 00:00:49]} 9. c4
{[%clk 01:07:14]} {[%emt 00:02:04]} Qc7 {[%clk 01:08:17]} {[%emt 00:02:39]} 10.
Nc3 {[%clk 01:04:28]} {[%emt 00:03:16]} a6 {[%clk 01:03:29]} {[%emt 00:05:19]}
11. Qd2 {[%clk 01:03:09]} {[%emt 00:01:48]} cxd4 {[%clk 01:02:32]} {[%emt
00:01:28]} 12. exd4 {[%clk 01:02:02]} {[%emt 00:01:37]} Ng4 {[%clk 01:02:17]}
{[%emt 00:00:42]} 13. h3 {[%clk 00:59:36]} {[%emt 00:02:59]} Nh6 {[%clk
01:02:34]} {[%emt 00:00:13]} 14. Nd5 {[%clk 00:57:59]} {[%emt 00:02:07]} Qb8
{[%clk 01:01:44]} {[%emt 00:01:21]} 15. Ne3 {[%clk 00:57:23]} {[%emt 00:01:05]}
e5 {[%clk 01:01:33]} {[%emt 00:00:41]} 16. fxe5 {[%clk 00:56:50]} {[%emt
00:01:02]} dxe5 {[%clk 01:01:40]} {[%emt 00:00:24]} 17. d5 {[%clk 00:56:21]}
{[%emt 00:00:58]} Qa7 {[%clk 01:01:14]} {[%emt 00:00:56]} 18. Kh1 {[%clk
00:55:29]} {[%emt 00:01:22]} Nc5 {[%clk 01:01:03]} {[%emt 00:00:42]} 19. Kh2
{[%clk 00:44:06]} {[%emt 00:11:52]} Nf5 {[%clk 00:55:47]} {[%emt 00:05:47]} 20.
Nxf5 {[%clk 00:36:49]} {[%emt 00:07:46]} Bxf5 {[%clk 00:55:46]} {[%emt
00:00:30]} 21. g4 {[%clk 00:33:06]} {[%emt 00:04:14]} Bc8 {[%clk 00:54:14]}
{[%emt 00:02:02]} 22. Rae1 {[%clk 00:26:26]} {[%emt 00:07:09]} Qb8 {[%clk
00:54:00]} {[%emt 00:00:45]} 23. Kg2 {[%clk 00:25:04]} {[%emt 00:01:52]} e4
{[%clk 00:52:25]} {[%emt 00:02:06]} 24. Nd4 {[%clk 00:24:01]} {[%emt 00:01:32]}
e3 {[%clk 00:52:27]} {[%emt 00:00:28]} 25. Qc2 {[%clk 00:22:05]} {[%emt
00:02:27]} Ne4 {[%clk 00:52:37]} {[%emt 00:00:19]} 26. Rf3 {[%clk 00:21:05]}
{[%emt 00:01:30]} Nd2 {[%clk 00:51:53]} {[%emt 00:01:14]} 27. Rg3 {[%clk
00:19:06]} {[%emt 00:02:29]} Bh6 {[%clk 00:51:58]} {[%emt 00:00:18]} 28. g5
{[%clk 00:18:25]} {[%emt 00:01:18]} Bf8 {[%clk 00:52:18]} {[%emt 00:00:11]} 29.
Bd3 {[%clk 00:18:14]} {[%emt 00:00:40]} Qf4 {[%clk 00:51:55]} {[%emt 00:00:53]}
30. Rf3 {[%clk 00:15:43]} {[%emt 00:03:02]} Nxf3 {[%clk 00:51:45]} {[%emt
00:00:39]} 31. Nxf3 {[%clk 00:16:05]} {[%emt 00:00:08]} Bxh3+ {[%clk 00:52:07]}
{[%emt 00:00:09]} 32. Kxh3 {[%clk 00:16:11]} {[%emt 00:00:24]} Qxf3+ {[%clk
00:52:29]} {[%emt 00:00:07]} 33. Kh2 {[%clk 00:16:09]} {[%emt 00:00:32]} Bd6+
{[%clk 00:52:49]} {[%emt 00:00:10]} 34. Kg1 {[%clk 00:16:22]} {[%emt 00:00:17]}
Bg3 {[%clk 00:52:48]} {[%emt 00:00:31]} 35. Rf1 {[%clk 00:15:05]} {[%emt
00:01:48]} Bf2+ {[%clk 00:53:04]} {[%emt 00:00:14]} 36. Rxf2 {[%clk 00:15:05]}
{[%emt 00:00:29]} exf2+ {[%clk 00:53:17]} {[%emt 00:00:17]} 37. Qxf2 {[%clk
00:15:25]} {[%emt 00:00:10]} Qxd3 {[%clk 00:53:11]} {[%emt 00:00:36]} 38. Qf6
{[%clk 00:13:26]} {[%emt 00:03:12]} Re1+ {[%clk 00:53:33]} {[%emt 00:00:07]}
39. Kg2 {[%clk 00:13:28]} {[%emt 00:00:29]} Re2+ {[%clk 00:53:54]} {[%emt
00:00:09]} 40. Kg1 {[%clk 00:13:42]} {[%emt 00:00:15]} Qg3+ {[%clk 00:54:14]}
{[%emt 00:00:11]} 41. Kf1 {[%clk 00:13:57]} {[%emt 00:00:14]} Re1# {[%emt
00:00:07]} 0-1

[Event "DEM U10 2021"]
[Site "Willingen GER"]
[Date "2021.08.28"]
[Round "10"]
[White "Zhang, Yibo"]
[Black "Payyappat, Sayas"]
[Result "1/2-1/2"]
[Termination "normal"]
[Board "15"]
[WhiteElo "1313"]
[BlackElo "1233"]
[WhiteClock "00:51:41"]
[BlackClock "01:00:57"]
[PlyCount "56"]
[WhiteFideId "16287657"]
[BlackFideId "25659260"]
[EventCountry "GER"]
[EventRounds "11"]
[EventType "swiss"]
[EventDate "2021.08.22"]

1. e4 {[%clk 01:15:43]} {[%emt 00:00:17]} c5 {[%clk 01:15:44]} {[%emt
00:00:17]} 2. Nc3 {[%clk 01:16:05]} {[%emt 00:00:08]} e6 {[%emt 00:01:03]} 3.
f4 {[%clk 01:15:09]} {[%emt 00:01:18]} d5 {[%clk 01:14:56]} {[%emt 00:00:53]}
4. exd5 {[%clk 01:15:02]} {[%emt 00:00:37]} exd5 {[%clk 01:15:10]} {[%emt
00:00:17]} 5. Bb5+ {[%clk 01:15:11]} {[%emt 00:00:20]} Bd7 {[%clk 01:14:59]}
{[%emt 00:00:39]} 6. Bxd7+ {[%clk 01:15:14]} {[%emt 00:00:28]} Qxd7 {[%clk
01:15:13]} {[%emt 00:00:16]} 7. Nf3 {[%clk 01:15:04]} {[%emt 00:00:41]} Nf6
{[%clk 01:14:14]} {[%emt 00:01:29]} 8. O-O {[%clk 01:14:57]} {[%emt 00:00:37]}
Be7 {[%clk 01:14:23]} {[%emt 00:00:19]} 9. Re1 {[%clk 01:13:34]} {[%emt
00:01:55]} O-O {[%clk 01:14:33]} {[%emt 00:00:19]} 10. d3 {[%clk 01:13:04]}
{[%emt 00:01:01]} Nc6 {[%clk 01:13:18]} {[%emt 00:01:45]} 11. b3 {[%clk
01:11:22]} {[%emt 00:02:11]} d4 {[%clk 01:13:17]} {[%emt 00:00:31]} 12. Ne4
{[%clk 01:11:19]} {[%emt 00:00:34]} Rfc8 {[%clk 01:12:41]} {[%emt 00:01:01]}
13. Nxf6+ {[%clk 01:07:41]} {[%emt 00:04:12]} Bxf6 {[%clk 01:12:43]} {[%emt
00:00:27]} 14. Bb2 {[%clk 01:07:20]} {[%emt 00:00:53]} b5 {[%clk 01:11:21]}
{[%emt 00:01:51]} 15. Nd2 {[%clk 01:05:52]} {[%emt 00:01:59]} Na5 {[%clk
01:08:23]} {[%emt 00:03:26]} 16. Ne4 {[%clk 01:03:59]} {[%emt 00:02:25]} Be7
{[%clk 01:05:26]} {[%emt 00:03:23]} 17. Qd2 {[%clk 01:02:44]} {[%emt 00:01:49]}
Nb7 {[%clk 01:04:31]} {[%emt 00:01:24]} 18. c3 {[%clk 01:01:39]} {[%emt
00:01:36]} dxc3 {[%clk 01:04:09]} {[%emt 00:00:53]} 19. Qxc3 {[%clk 01:01:57]}
{[%emt 00:00:11]} f6 {[%clk 01:03:55]} {[%emt 00:00:43]} 20. Ng5 {[%clk
01:01:41]} {[%emt 00:00:47]} Bf8 {[%clk 01:03:02]} {[%emt 00:01:20]} 21. Ne6
{[%clk 01:00:11]} {[%emt 00:02:03]} Re8 {[%clk 01:02:50]} {[%emt 00:00:36]} 22.
f5 {[%clk 00:59:35]} {[%emt 00:01:12]} Rac8 {[%clk 01:02:25]} {[%emt 00:00:53]}
23. Re2 {[%clk 00:58:24]} {[%emt 00:01:43]} Nd8 {[%clk 01:02:27]} {[%emt
00:00:22]} 24. Rae1 {[%clk 00:57:05]} {[%emt 00:01:54]} Nxe6 {[%clk 01:01:40]}
{[%emt 00:01:18]} 25. Rxe6 {[%emt 00:00:37]} Rxe6 {[%clk 01:01:31]} {[%emt
00:00:35]} 26. Rxe6 {[%clk 00:55:32]} {[%emt 00:02:00]} Re8 {[%clk 01:01:45]}
{[%emt 00:00:14]} 27. Rxe8 {[%clk 00:55:33]} {[%emt 00:00:31]} Qxe8 {[%clk
01:02:08]} {[%emt 00:00:07]} 28. Bc1 {[%clk 00:51:41]} {[%emt 00:04:23]} Qh5
{[%clk 01:00:57]} {[%emt 00:01:37]} 1/2-1/2

[Event "DEM U10 2021"]
[Site "Willingen GER"]
[Date "2021.08.28"]
[Round "10"]
[White "Nonnenmacher, Philipp"]
[Black "Zimmer, Tim"]
[Result "1/2-1/2"]
[Termination "normal"]
[Board "17"]
[WhiteElo "1314"]
[BlackElo "1013"]
[WhiteClock "00:40:44"]
[BlackClock "00:15:23"]
[PlyCount "72"]
[WhiteFideId "34608869"]
[BlackFideId "34603115"]
[EventCountry "GER"]
[EventRounds "11"]
[EventType "swiss"]
[EventDate "2021.08.22"]

1. e4 {[%clk 01:15:46]} {[%emt 00:00:12]} c5 {[%clk 01:15:41]} {[%emt
00:00:20]} 2. Nf3 {[%clk 01:16:01]} {[%emt 00:00:15]} Nc6 {[%clk 01:11:22]}
{[%emt 00:04:49]} 3. Bc4 {[%clk 01:16:11]} {[%emt 00:00:20]} e6 {[%clk
01:11:03]} {[%emt 00:00:49]} 4. O-O {[%clk 01:14:57]} {[%emt 00:01:43]} d5
{[%clk 01:09:51]} {[%emt 00:01:42]} 5. exd5 {[%clk 01:15:18]} {[%emt 00:00:10]}
exd5 {[%clk 01:09:55]} {[%emt 00:00:26]} 6. Re1+ {[%clk 01:15:17]} {[%emt
00:00:31]} Be7 {[%clk 01:08:12]} {[%emt 00:02:14]} 7. Bb5 {[%clk 01:15:14]}
{[%emt 00:00:33]} Nf6 {[%clk 01:06:45]} {[%emt 00:01:56]} 8. Qe2 {[%clk
01:15:24]} {[%emt 00:00:20]} O-O {[%clk 01:06:16]} {[%emt 00:01:00]} 9. Bxc6
{[%clk 01:15:32]} {[%emt 00:00:21]} bxc6 {[%clk 01:06:21]} {[%emt 00:00:25]}
10. Qxe7 {[%clk 01:15:23]} {[%emt 00:00:39]} Qb6 {[%clk 01:02:40]} {[%emt
00:04:10]} 11. Qe2 {[%clk 01:14:11]} {[%emt 00:01:43]} Bg4 {[%clk 01:01:26]}
{[%emt 00:01:44]} 12. h3 {[%clk 01:13:36]} {[%emt 00:01:05]} Bh5 {[%clk
01:01:16]} {[%emt 00:00:38]} 13. d3 {[%clk 01:13:35]} {[%emt 00:00:33]} Qb4
{[%clk 00:53:15]} {[%emt 00:08:31]} 14. c3 {[%clk 01:12:05]} {[%emt 00:02:00]}
Qb5 {[%clk 00:51:24]} {[%emt 00:02:20]} 15. Nbd2 {[%clk 01:10:57]} {[%emt
00:01:39]} Rfe8 {[%clk 00:50:13]} {[%emt 00:01:40]} 16. Qf1 {[%clk 01:10:11]}
{[%emt 00:01:15]} Rxe1 {[%clk 00:49:07]} {[%emt 00:01:37]} 17. Nxe1 {[%clk
01:09:46]} {[%emt 00:00:55]} Re8 {[%clk 00:48:32]} {[%emt 00:01:05]} 18. Nef3
{[%clk 01:07:56]} {[%emt 00:02:19]} g5 {[%clk 00:43:07]} {[%emt 00:05:56]} 19.
g4 {[%clk 01:07:22]} {[%emt 00:01:04]} Bg6 {[%clk 00:41:16]} {[%emt 00:02:21]}
20. c4 {[%clk 01:06:36]} {[%emt 00:01:17]} dxc4 {[%clk 00:39:42]} {[%emt
00:02:03]} 21. dxc4 {[%clk 01:06:33]} {[%emt 00:00:34]} Qb8 {[%clk 00:38:09]}
{[%emt 00:02:03]} 22. b3 {[%clk 01:05:37]} {[%emt 00:01:27]} Qd6 {[%clk
00:31:05]} {[%emt 00:07:34]} 23. Bb2 {[%clk 01:05:31]} {[%emt 00:00:34]} Bd3
{[%clk 00:28:17]} {[%emt 00:03:19]} 24. Qg2 {[%clk 01:03:16]} {[%emt 00:02:45]}
Re2 {[%clk 00:25:48]} {[%emt 00:02:59]} 25. Bc3 {[%clk 00:53:34]} {[%emt
00:10:12]} Ne4 {[%clk 00:22:04]} {[%emt 00:04:14]} 26. Nxe4 {[%clk 00:53:40]}
{[%emt 00:00:23]} Bxe4 {[%clk 00:22:04]} {[%emt 00:00:31]} 27. Re1 {[%clk
00:52:27]} {[%emt 00:01:42]} Rxe1+ {[%clk 00:21:37]} {[%emt 00:00:57]} 28. Bxe1
{[%clk 00:52:33]} {[%emt 00:00:24]} Qd1 {[%clk 00:21:56]} {[%emt 00:00:11]} 29.
Kh2 {[%clk 00:42:17]} {[%emt 00:10:45]} Bxf3 {[%clk 00:17:24]} {[%emt
00:05:04]} 30. Qg1 {[%clk 00:42:08]} {[%emt 00:00:38]} Qd6+ {[%clk 00:14:40]}
{[%emt 00:03:12]} 31. Qg3 {[%clk 00:41:47]} {[%emt 00:00:53]} Qxg3+ {[%clk
00:14:45]} {[%emt 00:00:26]} 32. Kxg3 {[%clk 00:41:58]} {[%emt 00:00:18]} Be4
{[%clk 00:14:41]} {[%emt 00:00:34]} 33. f3 {[%clk 00:40:23]} {[%emt 00:02:07]}
Bb1 {[%clk 00:14:40]} {[%emt 00:00:30]} 34. a3 {[%clk 00:40:43]} {[%emt
00:00:10]} Ba2 {[%clk 00:14:47]} {[%emt 00:00:23]} 35. b4 {[%clk 00:40:44]}
{[%emt 00:00:29]} cxb4 {[%clk 00:15:01]} {[%emt 00:00:17]} 36. axb4 {[%clk
00:40:44]} {[%emt 00:00:29]} Bxc4 {[%clk 00:15:23]} {[%emt 00:00:07]} 1/2-1/2